000
00302nam a22001337a 4500
008
181011b xxu||||| |||| 00| 0 eng d
020
_a
9780335210640
041
_a
eng
080
_a
371
100
_a
25
101
_a
EDU
245
_a
A Handbook of Teacher Research
_c
Lankshear, C
942
_2
udc
_c
BK
999
_c
49404
_d
49404